Normal view
MARC view
- Robinson, Alan
Entry Personal Name
001 - CONTROL NUMBER
- control field: 81465
003 - CONTROL NUMBER IDENTIFIER
- control field: NUST
005 - DATE AND TIME OF LATEST TRANSACTION
- control field: 20210812105607.0
008 - FIXED-LENGTH DATA ELEMENTS
- fixed length control field: 210812|| aca||aabn | a|a d
040 ## - CATALOGING SOURCE
- Original cataloging agency: NUST
- Transcribing agency: NUST
100 ## - HEADING--PERSONAL NAME
- Personal name: Robinson, Alan
- Fuller form of name: (Alan G.)
670 ## - SOURCE DATA FOUND
- Source citation: Work cat.: (NUST)33619: Shingō, Shigeo, 1909- 81464, Modern approaches to manufacturing improvement , c1990.
